| 000 | 00509nam a2200181Ia 4500 | ||
|---|---|---|---|
| 001 | 4531 | ||
| 005 | 20260306145803.0 | ||
| 008 | 260306t2018||||xx |||||||||||||| ||spa|| | ||
| 041 | _aESP | ||
| 082 |
_a324.285 _bB38 |
||
| 100 |
_aBelaunde Matossian, Francisco _eAUT |
||
| 245 | 0 |
_aMás allá de "fachos" y "caviares": _bmanual para un debate político que construya, no que nos destruya |
|
| 260 | _c2018 | ||
| 300 |
_a41 páginas : _c24 cm. |
||
| 650 | _aGEN | ||
| 654 | _aCHU | ||
| 942 |
_cLIB _dJUS _fJUS _2ddc _n |
||
| 999 |
_c4531 _d4531 |
||